Lego The Muppets Characters - Statistics

General Stats
  • This quiz has been taken 67 times
  • The average score is 9 of 12
Answer Stats
Picture Answer % Correct
Kermit the Frog
100%
Animal
93%
Miss Piggy
93%
Gonzo
90%
Fozzie Bear
80%
Beaker
78%
The Swedish Chef
78%
Waldorf
73%
Rowlf the Dog
71%
Statler
71%
Janice
61%
Dr. Bunsen Honeydew
59%
No matching quizzes found
Score Distribution
Percent of People with Each Score
Percentile by Number Answered
Your Score History
You have not taken this quiz